000 00661nam a22002417a 4500
003 UA-OsUOA
001 81822
007 ta
008 20120209b un ||||| |||| 00| 0 ukr d
100 _aЦеглинський Г.
090 _a821.161.2
_bЦ29
942 _cBK
040 _aUA-OsUOA
_bukr
_cUA-OsUOA
_dUA-OsUOA
245 _aТвори
_bкомедії, драми і дещо прози
300 _a455 с.
955 _a3
041 _aukr
080 _a821.161.2
020 _a966-7155-76-5
260 _aЛьвів
_bНадсяння
_c2003
650 7 _a82 Література. Літературознавство
_2UDC
999 _c368130
_d368130